00465 2200169 4500001002100000008004100021035002000062245005700082100002300139260005400162020002200216084001400238082000800252650001000260990001300270990001200283INLIS000000000003342 ind  a0010-0226000008 aHunter X Hunter Vol. 14 ( Komik )cYoshihiro Togashi aTogashi, Yoshihiro aJakartabPT. Elex Media Komputindo Gramediac2014 a978-602-02-5481-4 a741 TOG h a741 aKomik a0754517  a0754518